000 01071nam a22002297a 4500
005 20250826133259.0
008 250826t2025 xxk|||||o|||| 00| 0 eng d
041 _aeng
110 _aRoyal Institution of Chartered Surveyors
245 _aHome surveys regulatory scheme draft proposal
260 _aLondon,
_bRoyal Institution of Chartered Surveyors,
_c2025
300 _a10p
520 _aThis proposal for a new Regulatory scheme runs in parallel to a consultation on a second edition of the Home Survey Standard, opened on 19th August 2025 and closes on 30 September 2025.
650 _aHOME SURVEYS
650 _aREGULATORY SCHEMES
650 _aRESIDENTIAL PROPERTY
651 _aEngland
690 _96270
_aSurvey reports
710 _aRoyal Institution of Chartered Surveyors
856 _uhttps://consultations.rics.org/gf2.ti/-/1712450/255903333.1/PDF/-/Home%20Survey%20Regulatory%20Scheme%20-%20Draft%20Proposal%20-%20edited%20clean%20version%20for%20consultation.pdf
_zHome Surveys Regulatory scheme draft proposal
942 _n0
999 _c122205
_d122205